000 00545nab a2200193 a 4500
005 20210219160647.0
008 991125s1985 mx 000 0 spa u
035 _aUPN01000169927
100 1 _aPeiro I. Gregori, Salvador, 1947-
222 _aREVISTA PANAMERICANA DE PEDAGOGIA
245 _a¿ Coeducación ? mejor, modelos diferenciados
260 _aMéxico
300 _a93-134
362 0 _a2007 Nueva época, no. 11
653 0 _aVIOLENCIA ESCOLAR
653 0 _aRENDIMIENTO ESCOLAR
653 0 _aCOEDUCACION
905 _aArticulo
999 _c142033
_d142033